Relacion del viage hecho por las goletas Sutil y Mexicana en el año 1792 para reconocer el estrecho de Fuca : (Record no. 151400)

MARC details
000 -LEADER
campo de control de longitud fija 02331nam a2200313 i 4500
001 - NÚMERO DE CONTROL
campo de control 151400
003 - IDENTIFICADOR DE NÚMERO DE CONTROL
campo de control ES-MaACL
005 - FECHA Y HORA DE LA ÚLTIMA TRANSACCIÓN
campo de control 20251106063127.0
008 - DATOS DE LONGITUD FIJA--INFORMACIÓN GENERAL
campo de control de longitud fija 931025s1802 sp abc |||| | spa d
100 2# - ENTRADA PRINCIPAL--NOMBRE DE PERSONA
Nombre de persona Alcalá Galiano, Dionisio,
Fechas asociadas al nombre 1762-1805
9 (RLIN) 125588
245 10 - MENCIÓN DEL TÍTULO
Título Relacion del viage hecho por las goletas Sutil y Mexicana en el año 1792 para reconocer el estrecho de Fuca :
Resto del título con una introduccion en que se da noticia de las expediciones executadas anteriormente por los españoles en busca del paso del Noroeste de la América.
246 3# - FORMA VARIANTE DEL TITULO
Título propio/Titulo breve Atlas para el viage de las goletas Sutil y Mexicana al reconocimiento del estrecho de Juan de Fuca en 1792
260 ## - PUBLICACIÓN, DISTRIBUCIÓN, ETC.
Lugar de publicación, distribución, etc. Madrid :
Nombre del editor, distribuidor, etc. en la Imprenta Real,
Fecha de publicación, distribución, etc. 1802.
300 ## - DESCRIPCIÓN FÍSICA
Extensión 2 v. ;
Dimensiones 22, 31 cm.
530 ## - NOTA DISPONIBLE DE FORMULARIO FÍSICO ADICIONAL
Nota de formato físico adicional disponible Disponible en formato digital.
594 ## - Nota al título y mención de responsabilidad
Nota al título y mención de responsabilidad El autor de la "Relación" es Dionisio Alcalá Galiano y el de la "Introducción" a la misma es Martín Fernández de Navarrete (p. I-CLXVII), y fue editor literario José Espinosa y Tello (menciones de responsabilidad tomadas de: Boletín de ANABAD, 1991, t. 41, n. 1, p. 154-157)
594 ## - Nota al título y mención de responsabilidad
Nota al título y mención de responsabilidad Tít. del v. 2: "Atlas para el viage de las goletas Sutil y Mexicana al reconocimiento del estrecho de Juan de Fuca en 1792, publicado en 1802"
597 ## - NOTA DE DESCRIPCIÓN FÍSICA
NOTA DE DESCRIPCIÓN FÍSICA [I]. [16], CLXVIII, 185 p., [1] en bl., [1] h. pleg. ; 4º - Sign. : *8, a-x4, A-Z4, 2A1 ; [II]. [4] p., 17 h. de grab. calc. ; Fol.
597 ## - NOTA DE DESCRIPCIÓN FÍSICA
NOTA DE DESCRIPCIÓN FÍSICA Port. con esc. xil. real. La p. CLXVIII corresponde a la "Advertencia [sobre el uso del Atlas]"
599 ## - NOTA A LAS ILUSTRACIONES
NOTA A LAS ILUSTRACIONES Las h. de grab. del Atlas son grab. calc., la mayoría son mapas, algunas son retratos y otras variadas; algunas van firmadas por el grabador "Cardano" o "Selma". De ellas 6 son pleg. Están sin numerar las que serían n. 12-16.
650 #4 - PUNTO DE ACCESO ADICIONAL DE MATERIA--TÉRMINO DE MATERIA
Término de materia o nombre geográfico como elemento de entrada Nootkas (Indios)
9 (RLIN) 168238
651 #4 - PUNTO DE ACCESO ADICIONAL DE MATERIA--NOMBRE GEOGRÁFICO
Nombre geográfico Juan de Fuca (Estrecho)-
Subdivisión general Descubrimientos y exploraciones-
-- Españoles.
9 (RLIN) 168239
651 #4 - PUNTO DE ACCESO ADICIONAL DE MATERIA--NOMBRE GEOGRÁFICO
Nombre geográfico Paso del Noroeste-
Subdivisión general Descubrimientos y exploraciones-
-- Españoles.
9 (RLIN) 169021
700 1# - ENTRADA AGREGADA--NOMBRE PERSONAL
Nombre de persona Fernández de Navarrete, Martín,
Fechas asociadas al nombre 1765-1844
9 (RLIN) 49698
700 2# - ENTRADA AGREGADA--NOMBRE PERSONAL
Nombre de persona Espinosa y Tello, José,
Fechas asociadas al nombre 1763-1815
9 (RLIN) 126966
852 4# - LOCALIZACIÓN
Ubicación ES-MaACL
Número de control de estantería R-3160
Nota libre - Enc. pasta española
Signatura antigua - Olim: G-7528
856 4# - LOCALIZACIÓN Y ACCESO ELECTRÓNICOS
Identificador Uniforme de Recursos <a href="http://bdh-rd.bne.es/viewer.vm?id=0000000653&page=1 ">http://bdh-rd.bne.es/viewer.vm?id=0000000653&page=1 </a>
Nota pública Biblioteca Digital Hispánica
Holdings
Estatus retirado Estado de pérdida Estado de daño No para préstamo Colección Biblioteca de origen Biblioteca actual Ubicación en estantería Fecha de adquisición Fuente de adquisición Total de préstamos Signatura topográfica completa Código de barras Visto por última vez Precio de reemplazo Tipo de ítem Koha
        Colección digital Biblioteca del Ateneo de Madrid Biblioteca del Ateneo de Madrid Depósito 17/01/2008     R-3160 1157965 23/02/2023 23/02/2023 Libro impreso antiguo